000 00901nam a2200265Ia 4500
003 GCL
008 140319s9999 xx 000 0 ara d
040 _aGCL /
_cGCL
082 0 4 _a188
_bج ت
100 1 _aعلى مقلد
245 1 0 _aتاريخ الفلسفة والعلم فى اوربا الوسيطية /
_cعلى مقلد
700 1 _aجونسون، رونالد ك
700 1 _aبوجسوان
700 1 _aعلى زيعور (ترجمة)
300 _a296 ص
490 _aالفلسفة فى العالم والتاريخ
_v0
650 0 4 _aالعلم والحضارة
650 0 4 _aالفلسفة الغربية
650 0 4 _aالعصور الوسطى
650 0 4 _aفلسفة العصور الوسطى
650 0 4 _aالحضارة والعرب
650 0 4 _aاوربا - تاريخ - العصور الوسطى
650 0 4 _aالفلسفة - تاريخ
942 _2ddc
_cBK
999 _c39635
_d39635